[Event "POL-ch Rapid"]
[Site "Lublin"]
[Date "2024.10.05"]
[Round "7"]
[White "Kukla, Piotr"]
[Black "Balinski, Damian"]
[Result "0-1"]
[WhiteElo "2142"]
[BlackElo "2203"]
[PlyCount "56"]
[EventDate "2024.10.05"]
[EventType "swiss (rapid)"]
[EventRounds "9"]
[EventCountry "POL"]
[SourceTitle "CB45_2024"]
[Source "ChessBase"]
[SourceDate "2024.11.06"]
[SourceVersion "1"]
[SourceVersionDate "2024.11.06"]
[SourceQuality "1"]

1. e4 d6 2. d4 Nf6 3. Nc3 g6 4. Nf3 Bg7 5. Bc4 0-0 6. 0-0 Nxe4 7. Nxe4 d5 8. Bd3 dxe4 9. Bxe4 Nc6 10. c3 Qd6 11. b4 Bf5 12. Bxf5 gxf5 13. Qc2 e6 14. Bg5 Ne7 15. a3 Ng6 16. Rad1 a5 17. Rfe1 axb4 18. axb4 Ra3 19. Bc1 Ra7 20. d5 exd5 21. Qxf5 Bxc3 22. Rxd5 Qxb4 23. Red1 Ra1 24. Ng5 Qb1 25. Qh3 Nf4 26. Qg4 Nxd5 27. Ne6+ Kh8 28. Nxf8 Qxc1 0-1

[Event "Wroclaw Anderssen Memorial op"]
[Site "Wroclaw"]
[Date "2024.08.15"]
[Round "8"]
[White "Borischik, Sergey"]
[Black "Kukla, Piotr"]
[Result "1-0"]
[WhiteElo "1928"]
[BlackElo "2142"]
[PlyCount "93"]
[EventDate "2024.08.15"]
[EventType "swiss (blitz)"]
[EventRounds "9"]
[EventCountry "POL"]
[SourceTitle "CBM 221 Extra"]
[Source "ChessBase"]
[SourceDate "2024.09.30"]
[SourceVersion "1"]
[SourceVersionDate "2024.09.30"]
[SourceQuality "1"]

1. Nf3 Nf6 2. g3 g6 3. Bg2 Bg7 4. 0-0 0-0 5. d3 d5 6. Nbd2 c5 7. e4 Nc6 8. Re1 Bg4 9. h3 Bxf3 10. Qxf3 e6 11. c3 Rb8 12. Qe2 b5 13. Nf3 b4 14. Bf4 Rb6 15. e5 Nd7 16. c4 b3 17. a3 Nd4 18. Nxd4 cxd4 19. cxd5 exd5 20. Rac1 g5 21. Bd2 Nxe5 22. Ba5 Qf6 23. Bxb6 axb6 24. Bxd5 Qf5 25. Qe4 Qxh3 26. Red1 g4 27. Qg2 Qh5 28. Rc7 Nf3+ 29. Bxf3 gxf3 30. Qh2 Qe5 31. Rcc1 Qe2 32. Qh5 Re8 33. Qf5 Re6 34. Rf1 Rg6 35. Rc8+ Bf8 36. Qf4 Kg7 37. Qxd4+ Kh6 38. Qf4+ Kg7 39. Rc7 Rf6 40. Qg4+ Rg6 41. Qd4+ Kg8 42. Qf4 Rg7 43. Rc8 Rg6 44. Qb8 Qe7 45. Rfc1 Re6 46. Rxf8+ Qxf8 47. Rc8 1-0

[Event "Wroclaw Anderssen Memorial op"]
[Site "Wroclaw"]
[Date "2024.08.15"]
[Round "2"]
[White "Kowalski, Igor"]
[Black "Kukla, Piotr"]
[Result "1-0"]
[WhiteElo "2373"]
[BlackElo "2142"]
[PlyCount "61"]
[EventDate "2024.08.15"]
[EventType "swiss (blitz)"]
[EventRounds "9"]
[EventCountry "POL"]
[SourceTitle "CBM 221 Extra"]
[Source "ChessBase"]
[SourceDate "2024.09.30"]
[SourceVersion "1"]
[SourceVersionDate "2024.09.30"]
[SourceQuality "1"]

1. d4 Nf6 2. c4 g6 3. Nc3 d5 4. cxd5 Nxd5 5. e4 Nxc3 6. bxc3 Bg7 7. Bc4 c5 8. Ne2 0-0 9. 0-0 Nc6 10. Be3 b6 11. h4 h5 12. dxc5 bxc5 13. Qxd8 Rxd8 14. Bd5 Bd7 15. Bxc5 e6 16. Bc4 Ne5 17. Ba6 Bc6 18. f3 Bf6 19. Bd4 Kg7 20. Rab1 Rab8 21. Rfd1 Ba4 22. Rf1 Bc2 23. Rb5 Rxb5 24. Bxb5 a6 25. Bxa6 Ra8 26. Bb5 Rxa2 27. Nf4 Rb2 28. Be2 Ra2 29. g4 Nxf3+ 30. Bxf3 e5 31. g5 1-0

[Event "Wroclaw Anderssen Memorial op"]
[Site "Wroclaw"]
[Date "2024.08.15"]
[Round "9"]
[White "Kukla, Piotr"]
[Black "Charczenko, Dominik"]
[Result "0-1"]
[WhiteElo "2142"]
[BlackElo "1770"]
[PlyCount "116"]
[EventDate "2024.08.15"]
[EventType "swiss (blitz)"]
[EventRounds "9"]
[EventCountry "POL"]
[SourceTitle "CBM 221 Extra"]
[Source "ChessBase"]
[SourceDate "2024.09.30"]
[SourceVersion "1"]
[SourceVersionDate "2024.09.30"]
[SourceQuality "1"]

1. e4 e5 2. f4 Bc5 3. Nf3 d6 4. Nc3 Nc6 5. Na4 Bb6 6. Nxb6 axb6 7. Bb5 Bd7 8. 0-0 Nf6 9. d4 exd4 10. e5 Ne4 11. exd6 cxd6 12. Nxd4 0-0 13. c4 f5 14. Be3 Qe8 15. Nc2 Qd8 16. Kh1 Qc7 17. Bg1 Rac8 18. Ne3 Ne7 19. Nd5 Nxd5 20. Qxd5+ Kh8 21. Bxd7 Qxd7 22. Bxb6 Qc6 23. Bd4 Qxc4 24. Qxc4 Rxc4 25. Rfd1 Kg8 26. a4 Ra8 27. a5 g6 28. Kg1 Kf7 29. Ra3 Rac8 30. h4 h5 31. a6 bxa6 32. Rxa6 Ng3 33. Ra7+ R8c7 34. Rxc7+ Rxc7 35. Kf2 Ne4+ 36. Ke3 Rc2 37. Ra1 Rxg2 38. Ra7+ Ke6 39. Rg7 Kd5 40. Bc3 Nxc3 41. bxc3 Rg3+ 42. Kd2 Rg4 43. Kd3 Rxf4 44. Rxg6 Rxh4 45. Rg5 Ke5 46. c4 Rh3+ 47. Ke2 Kf4 48. Rg6 Rc3 49. Rxd6 Rxc4 50. Rh6 Rc2+ 51. Kd3 Rh2 52. Rh8 h4 53. Rh7 Kf3 54. Rh8 h3 55. Rg8 Rg2 56. Rh8 h2 57. Rh7 Kf2 58. Rh4 Kg1 0-1

[Event "POL-chT 58th"]
[Site "Lubniewice"]
[Date "2002.09.08"]
[Round "9"]
[White "Szelag, Marcin"]
[Black "Kukla, Piotr"]
[Result "1-0"]
[WhiteElo "2369"]
[BlackElo "2101"]
[PlyCount "79"]
[EventDate "2002.08.31"]
[EventType "team-tourn"]
[EventRounds "9"]
[EventCountry "POL"]
[SourceTitle "EXT 2019"]
[Source "ChessBase"]
[SourceDate "2018.10.10"]
[SourceVersion "1"]
[SourceVersionDate "2018.10.10"]
[SourceQuality "1"]
[WhiteTeam "Poznan Pocztowiec"]
[BlackTeam "Glogow MOK Chrobry"]
[WhiteTeamCountry "POL"]
[BlackTeamCountry "POL"]

1. e4 c5 2. Nf3 Nc6 3. d4 cxd4 4. Nxd4 Nf6 5. Nc3 e5 6. Ndb5 d6 7. Bg5 a6 8. Na3 b5 9. Bxf6 gxf6 10. Nd5 Bg7 11. Bd3 0-0 12. Qh5 Ne7 13. Nxe7+ Qxe7 14. c3 f5 15. Nc2 f4 16. g3 Qf6 17. 0-0-0 Be6 18. Kb1 Qg6 19. Qe2 f3 20. Qd2 Bh6 21. Ne3 f6 22. Ka1 Qf7 23. Bb1 Rfd8 24. Qd3 Bxe3 25. Qxe3 d5 26. b3 dxe4 27. Bxe4 Bxb3 28. Rxd8+ Rxd8 29. axb3 Qxb3 30. Bb1 Rd1 31. Rxd1 Qxd1 32. Qd3 Qe2 33. Qd8+ Kf7 34. Qd7+ Kf8 35. Qd8+ Kf7 36. Ba2+ Kg6 37. Qg8+ Kh6 38. Qf8+ Kg6 39. Qf7+ Kg5 40. h4+ 1-0

[Event "POL-chT 58th"]
[Site "Lubniewice"]
[Date "2002.09.07"]
[Round "8"]
[White "Kukla, Piotr"]
[Black "Gratka, Krzysztof"]
[Result "1/2-1/2"]
[WhiteElo "2101"]
[BlackElo "2306"]
[PlyCount "42"]
[EventDate "2002.08.31"]
[EventType "team-tourn"]
[EventRounds "9"]
[EventCountry "POL"]
[SourceTitle "EXT 2019"]
[Source "ChessBase"]
[SourceDate "2018.10.10"]
[SourceVersion "1"]
[SourceVersionDate "2018.10.10"]
[SourceQuality "1"]
[WhiteTeam "Glogow MOK Chrobry"]
[BlackTeam "Legnica Miedz"]
[WhiteTeamCountry "POL"]
[BlackTeamCountry "POL"]

1. e4 c5 2. Nc3 e6 3. g3 Nc6 4. Bg2 Nf6 5. d3 a6 6. a4 d5 7. Bg5 d4 8. Nce2 Be7 9. h3 e5 10. Qd2 h6 11. Bxf6 Bxf6 12. f4 exf4 13. Nxf4 Ne5 14. Nf3 h5 15. Nd5 Nxf3+ 16. Bxf3 Be5 17. 0-0-0 b5 18. a5 Be6 19. Kb1 h4 20. gxh4 Qxh4 21. Bg4 0-0-0 1/2-1/2

[Event "POL-chT 58th"]
[Site "Lubniewice"]
[Date "2002.09.06"]
[Round "7"]
[White "Heberla, Bartlomiej"]
[Black "Kukla, Piotr"]
[Result "1-0"]
[WhiteElo "2417"]
[BlackElo "2101"]
[PlyCount "111"]
[EventDate "2002.08.31"]
[EventType "team-tourn"]
[EventRounds "9"]
[EventCountry "POL"]
[SourceTitle "EXT 2019"]
[Source "ChessBase"]
[SourceDate "2018.10.10"]
[SourceVersion "1"]
[SourceVersionDate "2018.10.10"]
[SourceQuality "1"]
[WhiteTeam "Grodzisk Polfa Mazowiecki"]
[BlackTeam "Glogow MOK Chrobry"]
[WhiteTeamCountry "POL"]
[BlackTeamCountry "POL"]

1. e4 c5 2. Nc3 Nc6 3. f4 g6 4. Nf3 Bg7 5. Bb5 Nd4 6. 0-0 Nxb5 7. Nxb5 d6 8. a4 a6 9. Nc3 e6 10. e5 d5 11. d4 cxd4 12. Nxd4 Ne7 13. a5 Bd7 14. Be3 0-0 15. Qd2 Nc6 16. Nxc6 Bxc6 17. Rfd1 f6 18. exf6 Qxf6 19. Ne2 Rae8 20. Bd4 Qf5 21. Bxg7 Kxg7 22. Rf1 e5 23. fxe5 Qxe5 24. Rxf8 Rxf8 25. Nd4 Re8 26. c3 Qe3+ 27. Qxe3 Rxe3 28. Kf2 Re8 29. Re1 Rxe1 30. Kxe1 Kf6 31. Kf2 Bd7 32. Ke3 g5 33. Nb3 h5 34. Nc5 Bc8 35. Kd4 h4 36. Kxd5 Kf5 37. Nd3 Kg4 38. Kd4 Kf5 39. b4 Bd7 40. Ne5 Ba4 41. c4 Bc2 42. Nd3 Ba4 43. b5 axb5 44. c5 b4 45. Nxb4 Bb5 46. Ke3 Bd7 47. Kd4 Bb5 48. Nd5 Ba6 49. Ke3 Bb5 50. Nb4 Bd7 51. a6 bxa6 52. c6 Bc8 53. Nd5 a5 54. Ne7+ Ke5 55. Nxc8 Kd5 56. Na7 1-0

[Event "POL-chT 58th"]
[Site "Lubniewice"]
[Date "2002.09.05"]
[Round "6"]
[White "Kukla, Piotr"]
[Black "Sendera, Jaroslaw"]
[Result "1-0"]
[WhiteElo "2101"]
[BlackElo "2365"]
[PlyCount "81"]
[EventDate "2002.08.31"]
[EventType "team-tourn"]
[EventRounds "9"]
[EventCountry "POL"]
[SourceTitle "EXT 2019"]
[Source "ChessBase"]
[SourceDate "2018.10.10"]
[SourceVersion "1"]
[SourceVersionDate "2018.10.10"]
[SourceQuality "1"]
[WhiteTeam "Glogow MOK Chrobry"]
[BlackTeam "Rzeszow Zelmer"]
[WhiteTeamCountry "POL"]
[BlackTeamCountry "POL"]

1. e4 c5 2. Nc3 d6 3. g3 Nc6 4. Bg2 g6 5. d3 Bg7 6. Be3 e5 7. f4 Nge7 8. fxe5 Nxe5 9. Nf3 Bg4 10. 0-0 0-0 11. Qd2 Bxf3 12. Bxf3 Nxf3+ 13. Rxf3 Qb6 14. Rb1 Rad8 15. Bh6 f6 16. Bxg7 Kxg7 17. Re1 Rf7 18. Kg2 Qc6 19. Kg1 b5 20. d4 d5 21. Rd3 b4 22. Nxd5 Nxd5 23. exd5 Rxd5 24. dxc5 Rxc5 25. Qxb4 Rxc2 26. Rd2 Rc4 27. Qa3 h5 28. Rde2 Ra4 29. Qb3 Qc5+ 30. Kg2 Rb4 31. Qf3 h4 32. b3 Rd4 33. Re6 Rd2+ 34. R1e2 Rd1 35. Qe3 Qf5 36. gxh4 Qf1+ 37. Kg3 Qh1 38. Re7 Rg1+ 39. Kh3 Rxe7 40. Qxe7+ Kg8 41. Qe8+ 1-0

[Event "POL-chT 58th"]
[Site "Lubniewice"]
[Date "2002.09.04"]
[Round "5"]
[White "Wojtaszek, Radoslaw"]
[Black "Kukla, Piotr"]
[Result "1-0"]
[WhiteElo "2449"]
[BlackElo "2101"]
[PlyCount "65"]
[EventDate "2002.08.31"]
[EventType "team-tourn"]
[EventRounds "9"]
[EventCountry "POL"]
[SourceTitle "EXT 2019"]
[Source "ChessBase"]
[SourceDate "2018.10.10"]
[SourceVersion "1"]
[SourceVersionDate "2018.10.10"]
[SourceQuality "1"]
[WhiteTeam "Plock PTSz"]
[BlackTeam "Glogow MOK Chrobry"]
[WhiteTeamCountry "POL"]
[BlackTeamCountry "POL"]

1. e4 c5 2. Nc3 Nc6 3. Bb5 g6 4. Bxc6 dxc6 5. d3 Bg7 6. Be3 b6 7. Qd2 Nf6 8. Bh6 0-0 9. Bxg7 Kxg7 10. f4 Qc7 11. Nf3 Bg4 12. Ne5 Rad8 13. Qf2 Bc8 14. 0-0 Qd6 15. Kh1 b5 16. Qf3 Be6 17. b3 Nd7 18. Nxd7 Bxd7 19. f5 Bc8 20. Nd1 f6 21. Ne3 e5 22. h4 gxf5 23. exf5 Bd7 24. a4 b4 25. Nc4 Qd4 26. Qh3 Be8 27. Rae1 Bf7 28. Re4 Qc3 29. Rg4+ Kh8 30. Qe3 Bh5 31. Rg3 Qd4 32. Qh6 Bg4 33. Ne3 1-0

[Event "POL-ch U18"]
[Site "Zakopane"]
[Date "2001.01.25"]
[Round "10"]
[White "Kukla, Piotr"]
[Black "Debowiak, Marcin"]
[Result "0-1"]
[WhiteElo "2058"]
[BlackElo "2143"]
[PlyCount "58"]
[EventDate "2001.01.16"]
[EventType "swiss"]
[EventRounds "11"]
[EventCountry "POL"]
[SourceTitle "EXT 2002"]
[Source "ChessBase"]
[SourceDate "2001.11.25"]
[SourceVersion "1"]
[SourceVersionDate "2001.11.25"]
[SourceQuality "1"]

1. g3 g6 2. Bg2 Bg7 3. e4 c5 4. Nc3 Nc6 5. d3 d6 6. Be3 Nh6 7. h3 f5 8. Qd2 Nf7 9. f4 0-0 10. Nf3 Rb8 11. 0-0 Nd4 12. Nd1 b5 13. c3 Nxf3+ 14. Rxf3 fxe4 15. dxe4 Qc7 16. Rf1 Bb7 17. Bf2 Bc6 18. Ne3 Qb7 19. Qc2 b4 20. c4 a5 21. b3 Bxa1 22. Rxa1 a4 23. Nd5 axb3 24. axb3 e5 25. Rd1 Bxd5 26. Rxd5 Qa6 27. Be3 Qa1+ 28. Kf2 Ra8 29. Rd2 Ra3 0-1

[Event "POL-ch U18"]
[Site "Zakopane"]
[Date "2001.01.16"]
[Round "1"]
[White "Stoma, Pawel"]
[Black "Kukla, Piotr"]
[Result "1-0"]
[WhiteElo "2209"]
[BlackElo "2058"]
[PlyCount "31"]
[EventDate "2001.01.16"]
[EventType "swiss"]
[EventRounds "11"]
[EventCountry "POL"]
[SourceTitle "EXT 2002"]
[Source "ChessBase"]
[SourceDate "2001.11.25"]
[SourceVersion "1"]
[SourceVersionDate "2001.11.25"]
[SourceQuality "1"]

1. e4 c5 2. Nf3 Nc6 3. Bb5 g6 4. 0-0 Bg7 5. c3 e5 6. d3 Nge7 7. Be3 d6 8. d4 exd4 9. cxd4 0-0 10. Nc3 b6 11. Qd2 Bg4 12. d5 Bxf3 13. dxc6 Bg4 14. Bg5 a6 15. Nd5 f6 16. c7 1-0

[Event "POL-chT U19 2nd League"]
[Site "Krynica"]
[Date "2001.??.??"]
[Round "8"]
[White "Cajbel, Maciej"]
[Black "Kukla, Piotr"]
[Result "1/2-1/2"]
[WhiteElo "2090"]
[BlackElo "2055"]
[PlyCount "29"]
[EventDate "2001.07.16"]
[EventType "team-swiss"]
[EventRounds "11"]
[EventCountry "POL"]
[SourceTitle "EXT 2003"]
[Source "ChessBase"]
[SourceDate "2002.11.25"]
[SourceVersion "1"]
[SourceVersionDate "2002.11.25"]
[SourceQuality "1"]
[WhiteTeam "Wroclaw Srodmiescie U19 II"]
[BlackTeam "Glogow Budoprojekt U19"]
[WhiteTeamCountry "POL"]
[BlackTeamCountry "POL"]

1. e4 c5 2. Nc3 Nc6 3. f4 g6 4. Nf3 Bg7 5. Bc4 e6 6. d3 Nge7 7. 0-0 d5 8. Bb3 0-0 9. Qe1 a6 10. a4 Nd4 11. Nxd4 cxd4 12. Ne2 dxe4 13. dxe4 Nc6 14. Kh1 d3 15. Nc3 1/2-1/2

[Event "POL-chT U19 2nd League"]
[Site "Krynica"]
[Date "2001.??.??"]
[Round "7"]
[White "Kukla, Piotr"]
[Black "Trabszys, Tomasz"]
[Result "0-1"]
[WhiteElo "2055"]
[BlackElo "2200"]
[PlyCount "40"]
[EventDate "2001.07.16"]
[EventType "team-swiss"]
[EventRounds "11"]
[EventCountry "POL"]
[SourceTitle "EXT 2003"]
[Source "ChessBase"]
[SourceDate "2002.11.25"]
[SourceVersion "1"]
[SourceVersionDate "2002.11.25"]
[SourceQuality "1"]
[WhiteTeam "Glogow Budoprojekt U19"]
[BlackTeam "Torun Apator U19"]
[WhiteTeamCountry "POL"]
[BlackTeamCountry "POL"]

1. e4 c5 2. Nc3 Nc6 3. g3 Nf6 4. Bg2 e6 5. Nh3 d5 6. 0-0 dxe4 7. Ng5 Be7 8. Ngxe4 0-0 9. d3 Nd5 10. Qh5 Nd4 11. Nxd5 exd5 12. Ng5 Bf5 13. c3 Nc2 14. Rb1 Bxd3 15. Nxf7 Rxf7 16. Bxd5 Bg6 17. Bxf7+ Kxf7 18. Qf3+ Kg8 19. Rd1 Nd4 20. cxd4 Bxb1 0-1

[Event "POL-chT U19 2nd League"]
[Site "Krynica"]
[Date "2001.??.??"]
[Round "4"]
[White "Ziolkowski, Dawid"]
[Black "Kukla, Piotr"]
[Result "0-1"]
[WhiteElo "2160"]
[BlackElo "2055"]
[PlyCount "100"]
[EventDate "2001.07.16"]
[EventType "team-swiss"]
[EventRounds "11"]
[EventCountry "POL"]
[SourceTitle "EXT 2003"]
[Source "ChessBase"]
[SourceDate "2002.11.25"]
[SourceVersion "1"]
[SourceVersionDate "2002.11.25"]
[SourceQuality "1"]
[WhiteTeam "Bydgoszcz Emdek U19"]
[BlackTeam "Glogow Budoprojekt U19"]
[WhiteTeamCountry "POL"]
[BlackTeamCountry "POL"]

1. e4 c5 2. Nf3 Nc6 3. d4 cxd4 4. Nxd4 Nf6 5. Nc3 e5 6. Ndb5 d6 7. Nd5 Nxd5 8. exd5 Ne7 9. c4 Ng6 10. g3 Be7 11. h4 e4 12. Qd4 0-0 13. h5 Bf6 14. Qe3 Ne5 15. Be2 Re8 16. Kf1 a6 17. Nc3 Ng4 18. Bxg4 Bxg4 19. Nxe4 Bf5 20. Nxf6+ Qxf6 21. Qc3 Qxc3 22. bxc3 Bd3+ 23. Kg2 Bxc4 24. Rd1 Re5 25. g4 f5 26. Rd4 Bxd5+ 27. Kg3 fxg4 28. h6 Bf3 29. Rxd6 Rh5 30. hxg7 Kxg7 31. Rd7+ Kg6 32. Rd6+ Kf5 33. Rh6 Rxh6 34. Bxh6 Rc8 35. Bg7 Rc7 36. Bd4 Rc6 37. Re1 Be4 38. Bg7 Rd6 39. f3 Rd3 40. Rf1 Bxf3 41. Bd4 Rd2 42. Rf2 Rd3 43. Rf1 Kg5 44. Re1 Be4+ 45. Re3 h5 46. Rxd3 h4+ 47. Kf2 Bxd3 48. Bb6 g3+ 49. Kf3 Kf5 50. Bc7 Be4+ 0-1

[Event "POL-ch U18"]
[Site "Wisla"]
[Date "2000.??.??"]
[Round "2"]
[White "Jedynak, Radoslaw"]
[Black "Kukla, Piotr"]
[Result "1-0"]
[WhiteElo "2299"]
[BlackElo "2110"]
[PlyCount "119"]
[EventDate "2000.02.26"]
[EventType "swiss"]
[EventRounds "10"]
[EventCountry "POL"]
[SourceTitle "EXT 2005"]
[Source "ChessBase"]
[SourceDate "2004.11.15"]
[SourceVersion "1"]
[SourceVersionDate "2004.11.15"]
[SourceQuality "1"]

1. d4 Nf6 2. c4 g6 3. Nc3 d5 4. cxd5 Nxd5 5. Na4 Bg7 6. Nf3 0-0 7. e4 Nb6 8. Nc5 N8d7 9. Qc2 e5 10. Nxd7 Nxd7 11. Bg5 Bf6 12. Bxf6 Qxf6 13. d5 c6 14. dxc6 Qxc6 15. Qxc6 bxc6 16. Rc1 Bb7 17. Bc4 c5 18. Nd2 Rfd8 19. f3 Rac8 20. Nb3 Nb6 21. Kf2 Nxc4 22. Rxc4 Ba6 23. Rxc5 Rxc5 24. Nxc5 Rd2+ 25. Kg3 Bb5 26. a4 Be8 27. b4 Rd4 28. Rb1 Rc4 29. a5 Bb5 30. Nd3 f6 31. Rc1 Rd4 32. Rc8+ Kg7 33. Rc7+ Kg8 34. Nc5 a6 35. Ne6 Rd7 36. Rxd7 Bxd7 37. Nc7 Bc8 38. Kf2 Kf7 39. Ke3 Ke7 40. Nd5+ Ke6 41. Kd3 f5 42. Kc4 Kd6 43. b5 fxe4 44. fxe4 Bb7 45. b6 Bc6 46. g3 Bb5+ 47. Kb4 Bc6 48. h4 h5 49. Nc7 Bb7 50. Kc4 Bc8 51. Nd5 Bb7 52. Nb4 Bc8 53. Nd3 Bb7 54. Nc5 Bc6 55. Nxa6 Bxe4 56. Nc5 Bg2 57. b7 Kc7 58. a6 Bc6 59. a7 Bxb7 60. Nxb7 1-0

[Event "Polanica Zdroj op-B"]
[Site "Polanica Zdroj"]
[Date "2000.??.??"]
[Round "5"]
[White "Kukla, Piotr"]
[Black "Lukasiewicz, Anna"]
[Result "0-1"]
[WhiteElo "2009"]
[BlackElo "2146"]
[PlyCount "58"]
[EventDate "2000.08.??"]
[EventType "swiss"]
[EventRounds "10"]
[EventCountry "POL"]
[SourceTitle "EXT 2001"]
[Source "ChessBase"]
[SourceDate "2000.11.22"]
[SourceVersion "1"]
[SourceVersionDate "2000.11.22"]
[SourceQuality "1"]

1. e4 c5 2. Nc3 Nc6 3. g3 g6 4. Bg2 Bg7 5. d3 d6 6. Be3 Rb8 7. Nf3 Nd4 8. Qd2 b5 9. 0-0 b4 10. Nd1 Bg4 11. Nh4 e5 12. f3 Be6 13. c3 bxc3 14. bxc3 Nc6 15. f4 exf4 16. Bxf4 Ne5 17. Ne3 Ne7 18. Nf3 Nxf3+ 19. Rxf3 0-0 20. Raf1 Nc6 21. Nd5 Bxd5 22. exd5 Ne5 23. R3f2 Qb6 24. h4 h5 25. Bh3 Qa6 26. Bxe5 Bxe5 27. Rxf7 Rxf7 28. Be6 Rbf8 29. Qh6 Qxd3 0-1

[Event "POL-ch U18"]
[Site "Wisla"]
[Date "2000.??.??"]
[Round "3"]
[White "Kukla, Piotr"]
[Black "Zochowski, Piotr"]
[Result "1-0"]
[WhiteElo "2110"]
[BlackElo "2000"]
[PlyCount "75"]
[EventDate "2000.02.26"]
[EventType "swiss"]
[EventRounds "10"]
[EventCountry "POL"]
[SourceTitle "EXT 2005"]
[Source "ChessBase"]
[SourceDate "2004.11.15"]
[SourceVersion "1"]
[SourceVersionDate "2004.11.15"]
[SourceQuality "1"]

1. e4 e5 2. Nc3 Nc6 3. g3 Bc5 4. Bg2 d6 5. d3 Be6 6. Na4 Bb6 7. Nxb6 axb6 8. f4 Nf6 9. Nf3 Qe7 10. 0-0 h5 11. f5 Bd7 12. Bg5 0-0-0 13. c4 Rdg8 14. Nh4 Qe8 15. a4 Nh7 16. Be3 g5 17. Nf3 Qe7 18. Qd2 h4 19. a5 bxa5 20. b4 Kd8 21. b5 hxg3 22. hxg3 Nd4 23. Nxd4 exd4 24. Bxd4 Nf6 25. Rxa5 Rh5 26. Ra8+ Bc8 27. e5 dxe5 28. Bxb7 Qd6 29. Bc3 Kd7 30. Bc6+ Kd8 31. Qa2 Rgh8 32. Rxc8+ Ke7 33. Rxc7+ Qxc7 34. Bb4+ Kd8 35. Ba5 Ng4 36. Bxc7+ Kxc7 37. Qa7+ Kd6 38. c5# 1-0

[Event "Swidnica op-B"]
[Site "Swidnica"]
[Date "2000.??.??"]
[Round "4"]
[White "Muhtarov, Leonid"]
[Black "Kukla, Piotr"]
[Result "0-1"]
[WhiteElo "2205"]
[BlackElo "2010"]
[PlyCount "126"]
[EventDate "2000.07.??"]
[EventType "swiss"]
[EventRounds "10"]
[EventCountry "POL"]
[SourceTitle "EXT 2003"]
[Source "ChessBase"]
[SourceDate "2002.11.25"]
[SourceVersion "1"]
[SourceVersionDate "2002.11.25"]
[SourceQuality "1"]

1. c4 c5 2. Nf3 Nc6 3. Nc3 g6 4. e3 Nf6 5. Be2 Bg7 6. 0-0 0-0 7. a3 d5 8. cxd5 Nxd5 9. Ne4 b6 10. d3 Qd7 11. Qc2 Rd8 12. Bd2 Ba6 13. Rfd1 Rac8 14. Be1 e5 15. Rac1 f5 16. Bf1 Kh8 17. Qb1 Qe7 18. Nc3 Nc7 19. b4 cxb4 20. Na2 Bb7 21. Nxb4 Nd5 22. Nxc6 Bxc6 23. e4 Nf6 24. Bb4 Qe8 25. Re1 Bb7 26. Bc3 Nd7 27. Qb2 Qe7 28. g3 Re8 29. Nh4 fxe4 30. dxe4 Nc5 31. Qb1 Qf7 32. Bb4 Rf8 33. f3 a5 34. Bxc5 bxc5 35. Bc4 Qc7 36. Rcd1 Rcd8 37. Qb5 Rd4 38. Rb1 Ba8 39. Rec1 Rfd8 40. Bf1 Bf8 41. Ng2 Bc6 42. Qb6 Qxb6 43. Rxb6 Be8 44. Re6 Bd6 45. Ne3 Bf7 46. Rxd6 R8xd6 47. Rxc5 Rb6 48. Rxa5 Rb3 49. Ng4 Rd1 50. Nxe5 Bg8 51. h4 Rbb1 52. Kf2 Rxf1+ 53. Ke3 Rb3+ 54. Kf4 Ra1 55. a4 Rba3 56. Ra7 Rxa4 57. Rc7 Ra7 58. Rc8 Kg7 59. Kg5 R1a5 60. Kf4 Re7 61. Nc6 Be6 62. Rb8 Rf7+ 63. Ke3 Ra3+ 0-1

[Event "Swidnica op-B"]
[Site "Swidnica"]
[Date "2000.??.??"]
[Round "6"]
[White "Prokhorov, Alexander"]
[Black "Kukla, Piotr"]
[Result "1-0"]
[WhiteElo "2175"]
[BlackElo "2010"]
[PlyCount "47"]
[EventDate "2000.07.??"]
[EventType "swiss"]
[EventRounds "10"]
[EventCountry "POL"]
[SourceTitle "EXT 2003"]
[Source "ChessBase"]
[SourceDate "2002.11.25"]
[SourceVersion "1"]
[SourceVersionDate "2002.11.25"]
[SourceQuality "1"]

1. e4 c5 2. Nf3 Nc6 3. d4 cxd4 4. Nxd4 Nf6 5. Nc3 e5 6. Ndb5 d6 7. a4 Be6 8. Bg5 a6 9. Na3 Be7 10. Bxf6 Bxf6 11. Bc4 0-0 12. 0-0 Rc8 13. Nd5 Ne7 14. Nxf6+ gxf6 15. Bxe6 fxe6 16. Qg4+ Kf7 17. Qh3 Rg8 18. Qxh7+ Rg7 19. Qh5+ Ng6 20. Rad1 Ke7 21. Qh6 Qg8 22. Qd2 d5 23. exd5 Nh4 24. Qb4+ 1-0

[Event "POL-ch U16"]
[Site "Krynica"]
[Date "1998.??.??"]
[Round "?"]
[White "Kukla, Piotr"]
[Black "Dziuba, Marcin"]
[Result "1/2-1/2"]
[WhiteElo "2025"]
[BlackElo "2255"]
[PlyCount "73"]
[EventDate "1998.??.??"]
[EventType "swiss"]
[EventRounds "11"]
[EventCountry "POL"]
[SourceTitle "EXT 2002"]
[Source "ChessBase"]
[SourceDate "2001.11.25"]
[SourceVersion "1"]
[SourceVersionDate "2001.11.25"]
[SourceQuality "1"]

1. e4 c5 2. Nc3 Nc6 3. g3 g6 4. Bg2 Bg7 5. d3 d6 6. Be3 e6 7. Qd2 Rb8 8. Nf3 Nd4 9. Bxd4 cxd4 10. Nb5 Ne7 11. Nbxd4 Nc6 12. Nxc6 bxc6 13. c3 a5 14. 0-0 Ba6 15. Rfe1 0-0 16. Bf1 Qb6 17. b3 c5 18. e5 Bb7 19. Bg2 Bxf3 20. Bxf3 Bxe5 21. Re4 Bg7 22. Rc1 Rb7 23. Ra4 Ra7 24. Qb2 d5 25. Qa3 Rb8 26. Kg2 Rd8 27. Rc2 e5 28. b4 axb4 29. cxb4 Rxa4 30. Qxa4 cxb4 31. Rc6 Qb8 32. Qa5 e4 33. dxe4 d4 34. Rb6 Qc7 35. Qxb4 d3 36. Qb3 Qc3 37. Qxc3 1/2-1/2

[Event "POL-chT2 U18"]
[Site "Augustow"]
[Date "1996.??.??"]
[Round "?"]
[White "Matlega, Bartlomiej"]
[Black "Kukla, Piotr"]
[Result "0-1"]
[WhiteElo "1800"]
[BlackElo "1800"]
[PlyCount "100"]
[EventDate "1996.??.??"]
[EventType "team-tourn"]
[EventRounds "10"]
[EventCountry "POL"]
[SourceTitle "EXT 2003"]
[Source "ChessBase"]
[SourceDate "2002.11.25"]
[SourceVersion "1"]
[SourceVersionDate "2002.11.25"]
[SourceQuality "1"]

1. e4 e6 2. d4 d5 3. Nc3 Bb4 4. e5 c5 5. a3 cxd4 6. Qxd4 Nc6 7. Bb5 Bxc3+ 8. bxc3 Nge7 9. Qg4 Ng6 10. Nf3 Bd7 11. Bxc6 Bxc6 12. 0-0 Qc7 13. Re1 h5 14. Qg3 Ba4 15. Nd4 h4 16. Nxe6 fxe6 17. Qxg6+ Qf7 18. Qd3 0-0 19. Be3 h3 20. gxh3 Qh5 21. f4 Qxh3 22. Re2 Rf5 23. Rg2 Raf8 24. Re1 a6 25. c4 Bc6 26. Rg3 Qh4 27. cxd5 Bxd5 28. c4 Rh5 29. Re2 Bc6 30. Qg6 Rh7 31. Qxe6+ Kh8 32. Qg6 Rd8 33. Bd2 Qe7 34. Rge3 Qc5 35. Qg3 Qxc4 36. e6 Qd5 37. Kf2 Qh1 38. h4 Rxh4 39. Rf3 Rh2+ 40. Ke3 Rxe2+ 41. Kxe2 Qxf3+ 42. Qxf3 Rxd2+ 43. Kxd2 Bxf3 44. Ke3 Bc6 45. Kd4 Kg8 46. Kc5 Kf8 47. Kd6 g6 48. Ke5 Ke7 49. f5 gxf5 50. Kxf5 Bd5 0-1